000 00495nam a2200169Ia 4500
005 20250508155119.0
008 008 250505s9999 xx 000 0 eng d
037 _aTextual
040 _aFEDL
_beng
_cFEDL
041 _aeng
_2eng
084 _a361.65, NEW/O
_qFEDL
245 0 _aReport of the committee for planning measures against floods and similar calamities in Delhi
260 _c1959
300 _a105p.
942 _cTEXL
_h361.65, NEW/O
999 _c1354336
_d1354336